Leaders of the Liberal Party of Australia - Statistics

General Stats
  • This quiz has been taken 51 times
    28 since last reset
  • The average score is 14 of 18
Answer Stats
Years Leader % Correct
1985-1989 John Howard
100%
1995-2007 John Howard
100%
2008-2009 Malcolm Turnbull
100%
2015-2018 Malcolm Turnbull
100%
2018-2022 Scott Morrison
100%
2009-2015 Tony Abbott
100%
2022- Peter Dutton
95%
1945-1966 Robert Menzies
95%
1975-1983 Malcolm Fraser
86%
1971-1972 William McMahon
76%
1983-1985 Andrew Peacock
67%
1989-1990 Andrew Peacock
67%
1966-1967 Harold Holt
67%
1994-1995 Alexander Downer
62%
1968-1971 John Gorton
57%
1972-1975 Billy Snedden
48%
1990-1994 John Hewson
48%
2007-2008 Brendan Nelson
43%
No matching quizzes found
Score Distribution
Percent of People with Each Score
Percentile by Number Answered
Your Score History
You have not taken this quiz since the last reset